[Event "World Youth & Cadets Blitz Championships"]
[Site "Rhodes, Greece"]
[Date "2022.05.03"]
[Round "7.22"]
[White "Shilon Rahav, Eliran"]
[Black "Negrean, Andrei"]
[Result "0-1"]
[TimeControl "5'/game & 2\"/move"]
[WhiteElo "1338"]
[BlackElo "1862"]

1. e4 {[%clk 00:05:02]} {[%emt 00:00:01]} c5 {[%clk 00:05:04]} 2. c3 {[%clk
00:05:02]} {[%emt 00:00:02]} d5 {[%clk 00:05:05]} 3. exd5 {[%clk 00:05:03]}
{[%emt 00:00:02]} Qxd5 {[%clk 00:05:07]} 4. d4 {[%clk 00:05:04]} e6 {[%clk
00:05:08]} 5. Nf3 {[%clk 00:05:04]} {[%emt 00:00:02]} Nc6 {[%clk 00:05:10]} 6.
Bd3 {[%clk 00:05:03]} {[%emt 00:00:02]} Nf6 {[%clk 00:05:09]} {[%emt 00:00:03]}
7. Be3 {[%clk 00:05:00]} {[%emt 00:00:04]} cxd4 {[%clk 00:05:06]} {[%emt
00:00:06]} 8. cxd4 {[%clk 00:05:01]} {[%emt 00:00:01]} Be7 {[%clk 00:05:06]}
{[%emt 00:00:02]} 9. O-O {[%clk 00:04:59]} {[%emt 00:00:03]} O-O {[%clk
00:05:06]} {[%emt 00:00:02]} 10. Nc3 {[%clk 00:05:00]} {[%emt 00:00:02]} Qd6
{[%clk 00:05:05]} {[%emt 00:00:03]} 11. Rc1 {[%clk 00:04:42]} {[%emt 00:00:20]}
Nd5 {[%clk 00:04:45]} {[%emt 00:00:22]} 12. a3 {[%clk 00:04:21]} {[%emt
00:00:23]} Nxc3 {[%clk 00:04:34]} {[%emt 00:00:13]} 13. Rxc3 {[%clk 00:04:21]}
{[%emt 00:00:03]} Bf6 {[%clk 00:04:17]} {[%emt 00:00:18]} 14. Qd2 {[%clk
00:04:04]} {[%emt 00:00:18]} Rd8 {[%clk 00:04:08]} {[%emt 00:00:12]} 15. Rd1
{[%clk 00:03:51]} {[%emt 00:00:15]} Ne7 {[%clk 00:03:43]} {[%emt 00:00:27]} 16.
Bf4 {[%clk 00:03:19]} {[%emt 00:00:33]} Qd7 {[%clk 00:03:14]} {[%emt 00:00:31]}
17. Be4 {[%clk 00:02:44]} {[%emt 00:00:37]} Nd5 {[%clk 00:03:09]} {[%emt
00:00:07]} 18. Bxd5 {[%clk 00:02:43]} {[%emt 00:00:02]} Qxd5 {[%clk 00:03:10]}
{[%emt 00:00:02]} 19. Rc5 {[%clk 00:02:23]} {[%emt 00:00:22]} Qd7 {[%clk
00:02:34]} {[%emt 00:00:37]} 20. Rdc1 {[%clk 00:02:13]} {[%emt 00:00:12]} b6
{[%clk 00:02:22]} {[%emt 00:00:15]} 21. Rc7 {[%clk 00:01:35]} {[%emt 00:00:40]}
Qd5 {[%clk 00:02:22]} 22. Qc3 {[%clk 00:01:00]} {[%emt 00:00:37]} Bb7 {[%clk
00:01:59]} {[%emt 00:00:26]} 23. Be5 {[%clk 00:00:48]} {[%emt 00:00:14]} Bxe5
{[%clk 00:00:36]} {[%emt 00:01:25]} 24. dxe5 {[%clk 00:00:48]} {[%emt
00:00:02]} h6 {[%clk 00:00:31]} {[%emt 00:00:07]} 25. h3 {[%clk 00:00:39]}
{[%emt 00:00:10]} Rac8 {[%clk 00:00:30]} {[%emt 00:00:03]} 26. Rxc8 {[%clk
00:00:28]} {[%emt 00:00:13]} Rxc8 {[%clk 00:00:31]} {[%emt 00:00:01]} 27. Qe1
{[%clk 00:00:29]} Rxc1 {[%clk 00:00:12]} {[%emt 00:00:21]} 28. Qxc1 {[%clk
00:00:29]} {[%emt 00:00:01]} Qc6 {[%clk 00:00:10]} {[%emt 00:00:04]} 29. Qxc6
{[%clk 00:00:29]} {[%emt 00:00:03]} Bxc6 {[%clk 00:00:12]} 30. Nd4 {[%clk
00:00:29]} Bd5 {[%clk 00:00:10]} {[%emt 00:00:03]} 31. Nb5 {[%clk 00:00:30]}
{[%emt 00:00:02]} a6 {[%clk 00:00:11]} {[%emt 00:00:01]} 32. Nc7 {[%clk
00:00:27]} {[%emt 00:00:02]} Bb7 {[%clk 00:00:10]} {[%emt 00:00:04]} 33. b4
{[%clk 00:00:26]} {[%emt 00:00:04]} Kf8 {[%clk 00:00:08]} {[%emt 00:00:04]} 34.
b5 {[%clk 00:00:23]} {[%emt 00:00:06]} a5 {[%clk 00:00:07]} {[%emt 00:00:03]}
35. f3 {[%clk 00:00:18]} {[%emt 00:00:07]} Ke7 {[%clk 00:00:08]} {[%emt
00:00:01]} 36. Kf2 {[%clk 00:00:19]} {[%emt 00:00:01]} Kd7 {[%clk 00:00:10]} 37.
Na6 {[%emt 00:00:05]} Bxa6 {[%clk 00:00:06]} {[%emt 00:00:02]} 38. bxa6 {[%clk
00:00:19]} {[%emt 00:00:02]} Kc6 {[%clk 00:00:08]} 39. a4 {[%clk 00:00:17]}
{[%emt 00:00:04]} Kc7 {[%clk 00:00:06]} {[%emt 00:00:03]} 40. Ke3 {[%clk
00:00:18]} {[%emt 00:00:02]} Kb8 {[%clk 00:00:08]} 41. Kd4 {[%clk 00:00:11]}
{[%emt 00:00:09]} Ka7 {[%clk 00:00:09]} 42. Kc4 {[%clk 00:00:11]} Kxa6 {[%clk
00:00:10]} 43. g3 {[%clk 00:00:10]} {[%emt 00:00:03]} h5 {[%clk 00:00:08]}
{[%emt 00:00:05]} 44. g4 {[%clk 00:00:10]} {[%emt 00:00:02]} hxg4 {[%clk
00:00:07]} {[%emt 00:00:03]} 45. fxg4 {[%clk 00:00:10]} {[%emt 00:00:02]} g5
{[%clk 00:00:07]} {[%emt 00:00:02]} 46. Kd4 {[%clk 00:00:05]} {[%emt 00:00:07]}
b5 {[%clk 00:00:09]} 47. axb5+ {[%clk 00:00:06]} {[%emt 00:00:01]} Kxb5 {[%clk
00:00:10]} 48. Kc3 {[%clk 00:00:07]} Kc5 {[%clk 00:00:11]} {[%emt 00:00:01]} 49.
Kb3 {[%clk 00:00:08]} {[%emt 00:00:01]} Kd5 {[%clk 00:00:12]} 0-1

[Event "World Youth & Cadets Blitz Championships"]
[Site "Rhodes, Greece"]
[Date "2022.05.03"]
[Round "7.23"]
[White "Hanache, Kai"]
[Black "Gibala, Adam"]
[Result "1-0"]
[TimeControl "5'/game & 2\"/move"]
[WhiteElo "1644"]
[BlackElo "1501"]

1. e4 {[%clk 00:05:03]} c5 {[%clk 00:05:03]} 2. Nf3 {[%clk 00:05:04]} {[%emt
00:00:01]} Nc6 {[%clk 00:05:04]} 3. Bb5 {[%clk 00:05:05]} {[%emt 00:00:02]} Nf6
{[%clk 00:05:04]} 4. d3 {[%clk 00:05:02]} {[%emt 00:00:07]} Qa5+ {[%clk
00:05:06]} 5. Nc3 {[%clk 00:05:02]} {[%emt 00:00:03]} Nd4 {[%emt 00:00:02]} 6.
Bc4 {[%clk 00:04:59]} {[%emt 00:00:04]} b5 {[%clk 00:05:05]} {[%emt 00:00:03]}
7. Bb3 {[%clk 00:04:54]} {[%emt 00:00:08]} Nxb3 {[%clk 00:05:03]} {[%emt
00:00:04]} 8. cxb3 {[%clk 00:04:54]} {[%emt 00:00:01]} d6 {[%clk 00:04:59]}
{[%emt 00:00:06]} 9. O-O {[%clk 00:04:54]} {[%emt 00:00:02]} g6 {[%clk
00:05:00]} 10. h3 {[%clk 00:04:54]} Bg7 {[%clk 00:05:02]} 11. Bd2 {[%clk
00:04:54]} {[%emt 00:00:02]} Qb6 {[%clk 00:04:57]} {[%emt 00:00:06]} 12. Qe2
{[%clk 00:04:49]} {[%emt 00:00:08]} O-O {[%clk 00:04:56]} {[%emt 00:00:02]} 13.
Rfe1 {[%clk 00:04:48]} {[%emt 00:00:03]} b4 {[%clk 00:04:55]} {[%emt 00:00:03]}
14. Na4 {[%clk 00:04:46]} {[%emt 00:00:04]} Qc7 {[%clk 00:04:54]} {[%emt
00:00:02]} 15. Rac1 {[%clk 00:04:46]} {[%emt 00:00:03]} Qb7 {[%clk 00:04:46]}
{[%emt 00:00:11]} 16. e5 {[%clk 00:04:43]} {[%emt 00:00:05]} Nd5 {[%clk
00:04:27]} {[%emt 00:00:20]} 17. exd6 {[%clk 00:04:28]} {[%emt 00:00:16]} exd6
{[%clk 00:04:26]} {[%emt 00:00:04]} 18. Bg5 {[%clk 00:04:17]} {[%emt 00:00:13]}
h6 {[%clk 00:04:18]} {[%emt 00:00:10]} 19. Bh4 {[%clk 00:04:13]} {[%emt
00:00:06]} Bf5 {[%clk 00:04:10]} {[%emt 00:00:09]} 20. Bg3 {[%clk 00:04:12]}
{[%emt 00:00:04]} Rfe8 {[%clk 00:04:10]} {[%emt 00:00:02]} 21. Qd2 {[%clk
00:04:09]} {[%emt 00:00:05]} Qa6 {[%clk 00:03:54]} {[%emt 00:00:19]} 22. d4
{[%clk 00:04:01]} {[%emt 00:00:10]} Rad8 {[%clk 00:03:14]} {[%emt 00:00:42]} 23.
dxc5 {[%clk 00:03:54]} {[%emt 00:00:08]} dxc5 {[%clk 00:03:12]} {[%emt
00:00:04]} 24. Nxc5 {[%clk 00:03:53]} {[%emt 00:00:04]} Qb6 {[%clk 00:03:05]}
{[%emt 00:00:09]} 25. Na4 {[%clk 00:03:47]} {[%emt 00:00:08]} Qb7 {[%clk
00:02:53]} {[%emt 00:00:14]} 26. Rxe8+ {[%clk 00:03:36]} {[%emt 00:00:13]} Rxe8
{[%clk 00:02:53]} {[%emt 00:00:02]} 27. Nc5 {[%clk 00:03:30]} {[%emt 00:00:07]}
Qa8 {[%clk 00:02:49]} {[%emt 00:00:06]} 28. Nd4 {[%clk 00:03:23]} {[%emt
00:00:09]} Bc8 {[%clk 00:02:21]} {[%emt 00:00:30]} 29. Nb5 {[%clk 00:03:17]}
{[%emt 00:00:09]} Be6 {[%clk 00:02:03]} {[%emt 00:00:20]} 30. Nxe6 {[%clk
00:03:08]} {[%emt 00:00:11]} Rxe6 {[%clk 00:01:59]} {[%emt 00:00:06]} 31. Nxa7
{[%clk 00:02:49]} {[%emt 00:00:21]} Qxa7 {[%clk 00:01:48]} {[%emt 00:00:13]} 32.
Qxd5 {[%clk 00:02:49]} {[%emt 00:00:01]} Qxa2 {[%clk 00:01:47]} {[%emt
00:00:04]} 33. Rc8+ {[%clk 00:02:47]} {[%emt 00:00:04]} Kh7 {[%clk 00:01:47]}
{[%emt 00:00:01]} 34. Qd8 {[%clk 00:02:40]} {[%emt 00:00:10]} g5 {[%clk
00:01:30]} {[%emt 00:00:19]} 35. Qg8+ {[%clk 00:02:12]} {[%emt 00:00:30]} Kg6
{[%emt 00:00:06]} 36. Rc7 {[%clk 00:02:09]} Re1+ {[%clk 00:01:24]} {[%emt
00:00:09]} 37. Kh2 {[%clk 00:02:09]} {[%emt 00:00:02]} Qxb3 {[%clk 00:01:21]}
{[%emt 00:00:05]} 38. f4 {[%clk 00:01:55]} {[%emt 00:00:16]} Re3 {[%clk
00:00:54]} {[%emt 00:00:29]} 39. f5+ {[%emt 00:00:51]} Kh5 {[%clk 00:00:08]}
{[%emt 00:00:08]} 40. Qxf7+ {[%clk 00:01:20]} {[%emt 00:00:28]} Qxf7 {[%clk
00:00:06]} {[%emt 00:00:04]} 41. Rxf7 {[%clk 00:01:21]} {[%emt 00:00:01]} Bxb2
{[%clk 00:00:04]} {[%emt 00:00:04]} 42. Bf2 {[%clk 00:01:14]} {[%emt 00:00:08]}
Re2 {[%clk 00:00:04]} {[%emt 00:00:03]} 43. g4# {[%clk 00:01:11]} {[%emt
00:00:02]} 1-0

[Event "World Youth & Cadets Blitz Championships"]
[Site "Rhodes, Greece"]
[Date "2022.05.03"]
[Round "7.24"]
[White "Korchevskyi, Volodymyr"]
[Black "Mansurov, Yusuf"]
[Result "0-1"]
[TimeControl "5'/game & 2\"/move"]
[WhiteElo "1399"]
[BlackElo "1848"]

1. e4 {[%clk 00:05:02]} {[%emt 00:00:02]} c6 {[%clk 00:05:04]} 2. d4 {[%clk
00:05:03]} d5 {[%clk 00:05:05]} 3. e5 {[%clk 00:05:04]} Bf5 {[%clk 00:05:06]} 4.
h4 {[%clk 00:05:05]} h5 {[%clk 00:05:05]} {[%emt 00:00:03]} 5. Bd3 {[%clk
00:05:05]} {[%emt 00:00:02]} Bxd3 {[%clk 00:05:03]} {[%emt 00:00:04]} 6. Qxd3
{[%clk 00:05:06]} Qa5+ {[%clk 00:05:04]} {[%emt 00:00:02]} 7. Bd2 {[%clk
00:04:58]} {[%emt 00:00:10]} Qa6 {[%clk 00:05:03]} {[%emt 00:00:03]} 8. Qh3
{[%clk 00:04:49]} {[%emt 00:00:09]} e6 {[%clk 00:04:55]} {[%emt 00:00:11]} 9.
Nc3 {[%clk 00:04:50]} {[%emt 00:00:02]} Ne7 {[%clk 00:04:49]} {[%emt 00:00:08]}
10. Nge2 {[%clk 00:04:40]} {[%emt 00:00:12]} Nd7 {[%clk 00:04:42]} {[%emt
00:00:09]} 11. Qf3 {[%clk 00:04:25]} {[%emt 00:00:17]} Nf5 {[%clk 00:04:13]}
{[%emt 00:00:31]} 12. Be3 {[%clk 00:03:19]} {[%emt 00:01:08]} c5 {[%clk
00:03:46]} {[%emt 00:00:30]} 13. Qf4 {[%clk 00:02:56]} {[%emt 00:00:23]} Rc8
{[%clk 00:02:48]} {[%emt 00:01:00]} 14. O-O {[%clk 00:02:19]} {[%emt 00:00:39]}
Be7 {[%clk 00:02:00]} {[%emt 00:00:51]} 15. g3 {[%clk 00:02:05]} {[%emt
00:00:16]} cxd4 {[%clk 00:01:24]} {[%emt 00:00:37]} 16. Bxd4 {[%clk 00:01:54]}
{[%emt 00:00:13]} Nxd4 {[%clk 00:00:54]} {[%emt 00:00:34]} 17. Nxd4 {[%clk
00:01:47]} {[%emt 00:00:08]} Qb6 {[%clk 00:00:52]} {[%emt 00:00:04]} 18. Rab1
{[%clk 00:01:34]} {[%emt 00:00:15]} Bc5 {[%clk 00:00:49]} {[%emt 00:00:06]} 19.
Nb3 {[%clk 00:01:25]} {[%emt 00:00:11]} a6 {[%clk 00:00:38]} {[%emt 00:00:12]}
20. Qg5 {[%clk 00:01:10]} {[%emt 00:00:13]} g6 {[%clk 00:00:32]} {[%emt
00:00:11]} 21. Na4 {[%clk 00:01:03]} {[%emt 00:00:09]} Qc7 {[%clk 00:00:32]}
{[%emt 00:00:03]} 22. Naxc5 {[%clk 00:00:57]} {[%emt 00:00:08]} Nxc5 {[%clk
00:00:33]} {[%emt 00:00:01]} 23. Qf6 {[%clk 00:00:54]} {[%emt 00:00:05]} Rg8
{[%clk 00:00:29]} {[%emt 00:00:06]} 24. Nxc5 {[%clk 00:00:46]} {[%emt
00:00:09]} Qxc5 {[%clk 00:00:30]} {[%emt 00:00:02]} 25. c3 {[%clk 00:00:44]}
{[%emt 00:00:04]} Qe7 {[%clk 00:00:26]} {[%emt 00:00:06]} 26. Qf4 {[%clk
00:00:44]} {[%emt 00:00:01]} g5 {[%clk 00:00:22]} {[%emt 00:00:07]} 27. hxg5
{[%clk 00:00:41]} {[%emt 00:00:04]} Qxg5 {[%clk 00:00:22]} {[%emt 00:00:02]} 28.
Qxg5 {[%clk 00:00:41]} {[%emt 00:00:03]} Rxg5 {[%clk 00:00:22]} {[%emt
00:00:01]} 29. Rfe1 {[%clk 00:00:32]} {[%emt 00:00:11]} h4 {[%clk 00:00:23]}
{[%emt 00:00:02]} 30. Kg2 {[%clk 00:00:33]} {[%emt 00:00:01]} Ke7 {[%clk
00:00:20]} {[%emt 00:00:05]} 31. Kf3 {[%clk 00:00:31]} {[%emt 00:00:04]} hxg3
{[%clk 00:00:19]} {[%emt 00:00:02]} 32. fxg3 {[%clk 00:00:28]} {[%emt
00:00:05]} Rcg8 {[%clk 00:00:21]} 33. Rg1 {[%clk 00:00:25]} {[%emt 00:00:05]}
Rxe5 {[%clk 00:00:22]} {[%emt 00:00:01]} 34. Rbe1 {[%clk 00:00:26]} Rf5+ {[%clk
00:00:21]} {[%emt 00:00:04]} 35. Ke3 {[%clk 00:00:22]} {[%emt 00:00:04]} Kd6
{[%clk 00:00:23]} {[%emt 00:00:02]} 36. Kd4 {[%clk 00:00:21]} {[%emt 00:00:02]}
e5+ {[%clk 00:00:24]} {[%emt 00:00:02]} 37. Kd3 {[%clk 00:00:21]} {[%emt
00:00:01]} Rf3+ {[%clk 00:00:25]} {[%emt 00:00:01]} 38. Re3 {[%clk 00:00:19]}
{[%emt 00:00:04]} e4+ {[%clk 00:00:26]} 39. Kd4 {[%clk 00:00:18]} {[%emt
00:00:03]} Rxe3 {[%clk 00:00:27]} 40. Kxe3 {[%clk 00:00:18]} {[%emt 00:00:01]}
Ke5 {[%clk 00:00:28]} {[%emt 00:00:01]} 41. g4 {[%clk 00:00:17]} {[%emt
00:00:03]} Rg5 {[%clk 00:00:28]} {[%emt 00:00:02]} 42. b4 {[%clk 00:00:17]}
{[%emt 00:00:02]} f5 {[%clk 00:00:29]} {[%emt 00:00:01]} 43. Rf1 {[%clk
00:00:08]} {[%emt 00:00:12]} Rxg4 {[%clk 00:00:28]} {[%emt 00:00:03]} 44. a4
{[%clk 00:00:06]} {[%emt 00:00:03]} Rg3+ {[%clk 00:00:28]} {[%emt 00:00:02]} 45.
Kd2 {[%clk 00:00:07]} {[%emt 00:00:01]} Rg2+ {[%clk 00:00:27]} {[%emt
00:00:04]} 46. Ke3 {[%clk 00:00:08]} Rc2 {[%clk 00:00:24]} {[%emt 00:00:03]} 47.
Kd4+ {[%emt 00:00:10]} 0-1

[Event "World Youth & Cadets Blitz Championships"]
[Site "Rhodes, Greece"]
[Date "2022.05.03"]
[Round "7.25"]
[White "Verbytski, Oleg"]
[Black "Przybys, Bruno"]
[Result "1-0"]
[TimeControl "5'/game & 2\"/move"]
[WhiteElo "1756"]
[BlackElo "1339"]

1. e4 {[%clk 00:05:02]} {[%emt 00:00:02]} c5 {[%clk 00:05:04]} 2. Nf3 {[%clk
00:05:03]} {[%emt 00:00:02]} Nc6 {[%clk 00:05:05]} 3. d4 {[%clk 00:05:04]} cxd4
{[%clk 00:05:06]} {[%emt 00:00:01]} 4. Nxd4 {[%clk 00:05:05]} g6 {[%clk
00:05:07]} 5. Nc3 {[%clk 00:05:06]} {[%emt 00:00:02]} Bg7 {[%clk 00:05:08]} 6.
Be3 {[%clk 00:05:07]} Nf6 {[%clk 00:05:09]} 7. Bc4 {[%clk 00:05:03]} {[%emt
00:00:05]} d6 {[%clk 00:05:10]} {[%emt 00:00:01]} 8. Nxc6 {[%clk 00:05:02]}
{[%emt 00:00:03]} bxc6 {[%clk 00:05:10]} {[%emt 00:00:02]} 9. f3 {[%clk
00:05:02]} {[%emt 00:00:02]} O-O {[%clk 00:05:10]} {[%emt 00:00:02]} 10. O-O
{[%clk 00:05:02]} {[%emt 00:00:02]} Bb7 {[%clk 00:04:58]} {[%emt 00:00:13]} 11.
Qd2 {[%clk 00:05:03]} {[%emt 00:00:02]} Qc7 {[%clk 00:04:51]} {[%emt 00:00:08]}
12. Qf2 {[%clk 00:04:58]} {[%emt 00:00:07]} d5 {[%clk 00:04:16]} {[%emt
00:00:38]} 13. exd5 {[%clk 00:04:43]} {[%emt 00:00:16]} cxd5 {[%clk 00:04:17]}
14. Bb3 {[%clk 00:04:44]} Rfd8 {[%clk 00:03:58]} {[%emt 00:00:21]} 15. Rad1
{[%clk 00:04:41]} {[%emt 00:00:05]} Ba6 {[%clk 00:03:45]} {[%emt 00:00:16]} 16.
Rfe1 {[%clk 00:04:36]} {[%emt 00:00:06]} e6 {[%clk 00:03:44]} {[%emt 00:00:03]}
17. Bd4 {[%clk 00:04:34]} {[%emt 00:00:04]} Re8 {[%clk 00:03:34]} {[%emt
00:00:11]} 18. Be5 {[%clk 00:04:30]} {[%emt 00:00:07]} Qb7 {[%clk 00:03:10]}
{[%emt 00:00:26]} 19. Qd4 {[%clk 00:04:15]} {[%emt 00:00:18]} Qb6 {[%clk
00:02:44]} {[%emt 00:00:27]} 20. Qxb6 {[%clk 00:04:10]} {[%emt 00:00:07]} axb6
{[%clk 00:02:45]} 21. Na4 {[%clk 00:04:08]} {[%emt 00:00:04]} Nd7 {[%clk
00:02:38]} {[%emt 00:00:09]} 22. Bxg7 {[%clk 00:03:53]} {[%emt 00:00:17]} Kxg7
{[%clk 00:02:39]} {[%emt 00:00:01]} 23. Nc3 {[%clk 00:03:47]} {[%emt 00:00:08]}
Nc5 {[%clk 00:02:31]} {[%emt 00:00:10]} 24. Kf2 {[%clk 00:03:45]} {[%emt
00:00:04]} Rac8 {[%clk 00:02:05]} {[%emt 00:00:28]} 25. g4 {[%clk 00:03:31]}
{[%emt 00:00:16]} Red8 {[%clk 00:01:55]} {[%emt 00:00:12]} 26. Rd4 {[%clk
00:03:08]} {[%emt 00:00:25]} Rc7 {[%clk 00:01:24]} {[%emt 00:00:33]} 27. Kg3
{[%clk 00:03:04]} {[%emt 00:00:05]} h6 {[%clk 00:01:22]} {[%emt 00:00:05]} 28.
h4 {[%clk 00:03:05]} {[%emt 00:00:01]} Rcc8 {[%clk 00:01:18]} {[%emt 00:00:07]}
29. Na4 {[%clk 00:02:44]} {[%emt 00:00:23]} Nxa4 {[%clk 00:00:51]} {[%emt
00:00:28]} 30. Bxa4 {[%clk 00:02:43]} {[%emt 00:00:03]} Rc4 {[%clk 00:00:51]}
{[%emt 00:00:02]} 31. Red1 {[%clk 00:02:32]} {[%emt 00:00:13]} Rdc8 {[%clk
00:00:49]} {[%emt 00:00:04]} 32. Bb3 {[%clk 00:02:26]} {[%emt 00:00:09]} Rxd4
{[%clk 00:00:48]} {[%emt 00:00:02]} 33. Rxd4 {[%clk 00:02:26]} {[%emt
00:00:02]} Rc5 {[%clk 00:00:45]} {[%emt 00:00:05]} 34. c3 {[%clk 00:02:25]}
{[%emt 00:00:03]} f6 {[%clk 00:00:43]} {[%emt 00:00:04]} 35. a3 {[%clk
00:02:22]} {[%emt 00:00:05]} Bb7 {[%clk 00:00:42]} {[%emt 00:00:02]} 36. Bc2
{[%clk 00:01:56]} {[%emt 00:00:28]} e5 {[%clk 00:00:43]} {[%emt 00:00:02]} 37.
Rd3 {[%clk 00:01:57]} Ba6 {[%clk 00:00:36]} {[%emt 00:00:09]} 38. Rd2 {[%clk
00:01:56]} {[%emt 00:00:03]} Kf7 {[%clk 00:00:33]} {[%emt 00:00:05]} 39. h5
{[%clk 00:01:39]} {[%emt 00:00:19]} g5 {[%clk 00:00:31]} {[%emt 00:00:05]} 40.
Bf5 {[%clk 00:01:39]} {[%emt 00:00:02]} Ke7 {[%clk 00:00:31]} {[%emt 00:00:02]}
41. Rc2 {[%clk 00:01:30]} {[%emt 00:00:11]} Bb7 {[%clk 00:00:30]} {[%emt
00:00:03]} 42. Rd2 {[%clk 00:01:30]} {[%emt 00:00:02]} Kd6 {[%clk 00:00:30]}
{[%emt 00:00:02]} 43. Rd3 {[%clk 00:01:27]} {[%emt 00:00:06]} Ba6 {[%clk
00:00:31]} 44. Rd2 {[%clk 00:01:28]} Rc7 {[%clk 00:00:31]} {[%emt 00:00:02]} 45.
Be4 {[%clk 00:01:26]} {[%emt 00:00:03]} Bb7 {[%clk 00:00:26]} {[%emt 00:00:08]}
46. Rd3 {[%clk 00:01:17]} {[%emt 00:00:11]} Rd7 {[%clk 00:00:22]} {[%emt
00:00:06]} 47. c4 {[%clk 00:01:09]} {[%emt 00:00:10]} Kc5 {[%clk 00:00:20]}
{[%emt 00:00:04]} 48. cxd5 {[%clk 00:01:04]} {[%emt 00:00:07]} Bxd5 {[%clk
00:00:21]} {[%emt 00:00:02]} 49. Rc3+ {[%clk 00:01:00]} {[%emt 00:00:05]} Kd6
{[%clk 00:00:21]} {[%emt 00:00:02]} 50. Rd3 {[%clk 00:00:58]} {[%emt 00:00:05]}
Kc6 {[%clk 00:00:20]} {[%emt 00:00:03]} 51. b3 {[%clk 00:00:44]} {[%emt
00:00:15]} Bxe4 {[%clk 00:00:17]} {[%emt 00:00:05]} 52. Rxd7 {[%clk 00:00:45]}
{[%emt 00:00:02]} Kxd7 {[%clk 00:00:18]} 53. fxe4 {[%clk 00:00:45]} {[%emt
00:00:01]} Kc6 {[%clk 00:00:19]} 54. Kf3 {[%clk 00:00:44]} {[%emt 00:00:04]}
Kc5 {[%clk 00:00:15]} {[%emt 00:00:06]} 55. Ke3 {[%clk 00:00:45]} Kb5 {[%clk
00:00:16]} 56. Kd3 {[%clk 00:00:46]} {[%emt 00:00:01]} Kc5 {[%clk 00:00:17]} 57.
Kc3 {[%clk 00:00:45]} {[%emt 00:00:03]} b5 {[%clk 00:00:17]} {[%emt 00:00:02]}
58. a4 {[%clk 00:00:43]} {[%emt 00:00:04]} Kc6 {[%clk 00:00:07]} {[%emt
00:00:12]} 59. axb5+ {[%clk 00:00:41]} {[%emt 00:00:04]} Kxb5 {[%clk 00:00:08]}
60. b4 {[%clk 00:00:42]} {[%emt 00:00:02]} Kc6 {[%clk 00:00:07]} {[%emt
00:00:03]} 61. Kc4 {[%clk 00:00:42]} {[%emt 00:00:02]} Kd6 {[%clk 00:00:08]} 62.
b5 {[%clk 00:00:43]} f5 {[%clk 00:00:10]} 63. exf5 {[%clk 00:00:42]} {[%emt
00:00:03]} e4 {[%clk 00:00:11]} 64. Kd4 {[%clk 00:00:43]} {[%emt 00:00:01]} Kc7
{[%clk 00:00:11]} 65. Kxe4 {[%clk 00:00:43]} {[%emt 00:00:01]} Kb6 {[%clk
00:00:13]} 66. f6 {[%clk 00:00:44]} Kxb5 {[%clk 00:00:15]} 67. f7 {[%emt
00:00:02]} Kc6 {[%clk 00:00:15]} 68. f8=Q {[%clk 00:00:45]} {[%emt 00:00:02]}
Kd7 {[%clk 00:00:17]} 69. Qf6 {[%clk 00:00:45]} {[%emt 00:00:02]} 1-0